00586nam a2200169 a 450000100100000000500170001000800410002702000150006804000250008310000330010824500510014126000380019230000260023050000320025695201110028899900170039900003832720201002031229.0130409s1978 sp 000 0 spa d a8425206251 aDO-SdBNPbspacBNPHU1 aJones, J. Christopher96469210aMétodos de diseño /cJ. Christopher Jones. aBarcelona :bGustavo Gili,c1978. a372 :bils. ;c25 cm. aBibliografía : p. 363-370 001054708MOaGRbGRcCTd2013-04-09iLF1l0o p38327-10r2020-06-25w2020-06-25y4ZPréstamo en sala c37817d37817